000
00315nam a22001457a 4500
008
221116b ||||| |||| 00| 0 eng d
020
_a
9780671739812
041
_a
eng
080
_a
72
082
_a
72 CAL
100
_a
19.1
101
_a
ARK
245
_a
THE ELEMENTS OF STYLE
_c
CALLOWAY S
942
_2
udc
_c
BK
999
_c
58909
_d
58909